Clarence Darrow and the American literary tradition.

Bibliographic Details
Main Author: Ravitz, Abe C.
Format: Book
Language:English
Published: [Cleveland] : Press of Western Reserve University, 1962.
Subjects:

MARC

Tag First Indicator Second Indicator Subfields
LEADER 00000cam a2200000 4500
001 in00000025297
005 20151007061146.0
008 731029s1962 ohu b 00000beng u
010 |a  62017760  
035 |a (OCoLC)00729069 
035 |9 AAD1274AM 
040 |c BOS  |d TXA  |d UtOrBLW 
049 |a TXAM  |c [351458] 
050 0 |a PS1513.D62  |b Z86 
092 |a 818  |b D225Yr 
100 1 |a Ravitz, Abe C. 
245 1 0 |a Clarence Darrow and the American literary tradition. 
264 1 |a [Cleveland] :  |b Press of Western Reserve University,  |c 1962. 
300 |a xv, 163 pages ;  |c 23 cm. 
336 |a text  |b txt  |2 rdacontent 
337 |a unmediated  |b n  |2 rdamedia 
338 |a volume  |b nc  |2 rdacarrier 
504 |a "Bibliographical note": pages [155]-158. 
600 1 0 |a Darrow, Clarence,  |d 1857-1938. 
650 0 |a American literature  |y 20th century  |x History and criticism. 
999 |a MARS 
999 f f |s 9f6be893-1177-38d6-ae27-da8da29fd9cf  |i 46cc17df-45e8-374e-82aa-b1e422a605dd  |t 0 
952 f f |p ric  |a Texas A&M University  |b Rellis Campus  |c Joint Library Facility  |d Remote Storage  |t 0  |e PS1513.D62 Z86  |h Library of Congress classification  |i unmediated -- volume  |m A14801263878 
998 f f |a PS1513.D62 Z86  |t 0  |l Remote Storage